Vista normal
Vista MARC
Entrada Término de materia
Número de registros utilizados en: 1
001 - NÚMERO DE CONTROL
- Campo de control: 31824
003 - IDENTIFICADOR DE NÚMERO DE CONTROL
- Campo de control: ES-MaCES
005 - FECHA Y HORA DE LA ULTIMA MODIFICACION
- Campo de control: 20050708142000.0
008 - ELEMENTOS DE DATOS DE LONGITUD FIJA
- Campo de longitud fija: 050708 | azznnbabn |n ana d
035 ## - NÚMERO DE CONTROL DEL SISTEMA
- Número de control del sistema: CES20050000246s
040 ## - FUENTE DE LA CATALOGACIÓN
- Agencia original de catalogación: ES-MaCES
- Idioma de catalogación: spa
- Agencia de transcripción: ES-MaCES
150 ## - ENCABEZAMIENTO--MATERIA
- Término de materia o geográfico como elemento de entrada: 1940-2002
901 ## - CES. DATOS SIRTEX
- ID Sirtex (N5N8): 0007700008090
- 005BIS Sirtex: 200507081420ALORITE

